Vida y escritos del marqués de Santa Cruz de Marcenado / (Record no. 54655)

MARC details
000 -LEADER
campo de control de longitud fija 01037nam a2200241 i 4500
001 - NÚMERO DE CONTROL
campo de control 54655
003 - IDENTIFICADOR DE NÚMERO DE CONTROL
campo de control ES-MaACL
005 - FECHA Y HORA DE LA ÚLTIMA TRANSACCIÓN
campo de control 20250826151005.0
007 - CAMPO FIJO DE DESCRIPCIÓN FÍSICA--INFORMACIÓN GENERAL
campo de control de longitud fija t|
008 - DATOS DE LONGITUD FIJA--INFORMACIÓN GENERAL
campo de control de longitud fija 931025s1886 sp a ||||1| spa d
100 1# - ENTRADA PRINCIPAL--NOMBRE DE PERSONA
Nombre de persona Fuertes Acevedo, Máximo.
9 (RLIN) 52961
245 10 - MENCIÓN DEL TÍTULO
Título Vida y escritos del marqués de Santa Cruz de Marcenado /
Mención de responsabilidad, etc. por Don Máximo Fuertes Acevedo ; con un prólogo de Don Luis Vidart.
260 ## - PUBLICACIÓN, DISTRIBUCIÓN, ETC.
Lugar de publicación, distribución, etc. Madrid :
Nombre del editor, distribuidor, etc. [s.n.],
Fecha de publicación, distribución, etc. 1886 (
Fabricante Est. Tip. de Enrique Rubiños)
300 ## - DESCRIPCIÓN FÍSICA
Extensión XXVI, 203 p., [1] h. pleg., [1] h. de lám. :
Otras características físicas 2 il. ;
Dimensiones 28 cm.
500 ## - NOTA GENERAL
Nota general Apéndices.
530 ## - NOTA DISPONIBLE DE FORMULARIO FÍSICO ADICIONAL
Nota de formato físico adicional disponible Disponible en formato digital.
599 ## - NOTA A LAS ILUSTRACIONES
NOTA A LAS ILUSTRACIONES Retr. de Álvaro Navia-Ossorio . H. pleg.: "Genealogía de los Navia-Osorio"
600 17 - PUNTO DE ACCESO ADICIONAL DE MATERIA--NOMBRE DE PERSONA
Nombre de persona Santa Cruz de Marcenado, Alvaro Navia Ossorio,
Títulos y otros términos asociados al nombre Marqués de-
Subdivisión general Biografías
Fuente del encabezamiento o término
9 (RLIN) 132422
700 1# - ENTRADA AGREGADA--NOMBRE PERSONAL
Nombre de persona Vidart, Luis,
Fechas asociadas al nombre 1833-1897
9 (RLIN) 114538
852 ## - LOCALIZACIÓN
Ubicación ES-MaACL
Número de control de estantería T-790-F-3
856 ## - LOCALIZACIÓN Y ACCESO ELECTRÓNICOS
Identificador Uniforme de Recursos <a href="http://bdh-rd.bne.es/viewer.vm?id=0000053812&page=1 ">http://bdh-rd.bne.es/viewer.vm?id=0000053812&page=1 </a>
Nota pública Biblioteca Digital Hispánica
Holdings
Estatus retirado Estado de pérdida Estado de daño No para préstamo Colección Biblioteca de origen Biblioteca actual Ubicación en estantería Fecha de adquisición Fuente de adquisición Total de préstamos Signatura topográfica completa Código de barras Visto por última vez Precio de reemplazo Tipo de ítem Koha
        Colección de folletos Biblioteca del Ateneo de Madrid Biblioteca del Ateneo de Madrid Depósito folletos 17/01/2008     T-790-F-3 1057430 23/02/2023 23/02/2023 Folleto